Holiday Quiz

Random Holiday Quiz

Name the McCallister Family in Home Alone Quiz Stats

 Plays Quiz not verified by Sporcle

Challenge
Share
Tweet
Embed
Score 0/15 Timer 05:00
0 Plays Today
% Correct
Kevin
97.3%
Buzz
94.9%
Frank
84.3%
Peter
79.6%
Fuller
77.8%
Kate
74.7%
Megan
65.6%
Jeff
64%
% Correct
Linnie
56.9%
Leslie
51.4%
Heather
44.9%
Rod
37.2%
Brooke
34.1%
Tracy
34%
Sondra
32.3%

You're not logged in!

Compare scores with friends on all Sporcle quizzes.
OR
Log In

You Might Also Like...

Show Comments

Extras

Created Nov 26, 2009ReportNominate
Tags:alone, family, home, Home Alone

Top Quizzes Today


Score Distribution

Your Account Isn't Verified!

In order to create a playlist on Sporcle, you need to verify the email address you used during registration. Go to your Sporcle Settings to finish the process.

Report this User

Report this user for behavior that violates our Community Guidelines.

Details: